[Event "72.Camp. 5  Interprov.PD-RO"]
[Site "Monselice ITA"]
[Date "2012.01.15"]
[Round "5.13"]
[White "Bau, Lorenzo"]
[Black "De Vito, Angelo"]
[Result "1-0"]
[WhiteElo "1440"]
[BlackElo "1401"]
[Annotator "Gabriele Ballarin"]
[PlyCount "43"]
[EventDate "2012.01.13"]
[EventType "swiss"]
[EventRounds "5"]
[EventCountry "ITA"]

1. d4 d5 2. c4 dxc4 3. Nf3 Bf5 4. Nc3 e6 5. e4 Bg6 6. Bxc4 Nf6 7. Bd3 Bb4 8. Bd2 O-O 9. Bg5 Be7 10. O-O Nfd7 11. Be3 f5 12. exf5 exf5 13. Bc4+ Bf7 14. Bxf7+ Rxf7 15. Qb3 b6 16. Rad1 Qf8 17. Rfe1 Kh8 18. Nd5 Bd6 19. Ng5 Rf6 20. Nxf6 gxf6 21. Nf7+ Kg7 22. Bh6+ 1-0

[Event "72. C.to Provinciale CA-CI"]
[Site "Cagliari ITA"]
[Date "2012.01.21"]
[Round "1"]
[White "Mallo', Danilo"]
[Black "Caredda, Giuseppe"]
[Result "1-0"]
[WhiteElo "1926"]
[BlackElo "1588"]
[Annotator "Gabriele Ballarin"]
[PlyCount "77"]
[EventDate "2012.01.21"]
[EventType "swiss"]
[EventRounds "5"]
[EventCountry "ITA"]

1. d4 d5 2. c4 c6 3. Nf3 Nf6 4. Nc3 e6 5. Bf4 Bd6 6. Bg5 Be7 7. e3 O-O 8. Bd3 Nbd7 9. O-O Re8 10. Qc2 Nf8 11. a4 Bd7 12. a5 a6 13. b4 Qc7 14. b5 Rad8 15. Na4 Bc8 16. Bf4 e5 17. Bxe5 Qd7 18. h3 h6 19. Nb6 Qe6 20. Nd2 N6d7 21. Bf5 Qxf5 22. Qxf5 Nxb6 23. Qh5 Nbd7 24. f4 Ng6 25. Qf3 f5 26. Qh5 Kh7 27. Qe2 Ndxe5 28. dxe5 d4 29. e4 d3 30. Qe3 fxe4 31. Nxe4 Bf5 32. Ng3 Rf8 33. Nxf5 Rxf5 34. g4 Rff8 35. Rad1 Rd4 36. Rxd3 Rxd3 37. Qxd3 Rd8 38. Qe4 Bf8 39. h4 1-0

[Event "72. C.to Provinciale CA-CI"]
[Site "Cagliari ITA"]
[Date "2012.01.21"]
[Round "1"]
[White "Mullanu, Davide"]
[Black "Neri, Enzo"]
[Result "0-1"]
[WhiteElo "1651"]
[BlackElo "2064"]
[Annotator "Gabriele Ballarin"]
[PlyCount "84"]
[EventDate "2012.01.21"]
[EventType "swiss"]
[EventRounds "5"]
[EventCountry "ITA"]

1. d4 Nf6 2. Nf3 e6 3. c4 b6 4. Bg5 Bb7 5. e3 h6 6. Bh4 Be7 7. Nc3 d5 8. cxd5 Nxd5 9. Bxe7 Qxe7 10. Qa4+ Bc6 11. Bb5 Bxb5 12. Qxb5+ c6 13. Nxd5 exd5 14. Qb3 O-O 15. Rc1 Qd6 16. O-O Nd7 17. Qa4 Rfc8 18. Ne5 Nxe5 19. dxe5 Qe6 20. b4 a5 21. f4 b5 22. Qb3 axb4 23. Qxb4 Rxa2 24. Qb3 Ra4 25. Rc5 Rca8 26. Rfc1 Rc4 27. Kf2 Qe7 28. R5xc4 dxc4 29. Qc2 Ra3 30. Rd1 g6 31. Qe4 Qh4+ 32. Kg1 Rd3 33. Qf3 Qd8 34. Rc1 Qd5 35. Qe2 Rd2 36. Qg4 h5 37. Qg3 Rd1+ 38. Rxd1 Qxd1+ 39. Kf2 c3 40. f5 Qc2+ 41. Ke1 Qd2+ 42. Kf1 c2 0-1

[Event "72. C.to Provinciale CA-CI"]
[Site "Cagliari ITA"]
[Date "2012.01.21"]
[Round "1"]
[White "Picciau, Marta"]
[Black "Altea, Giovanni"]
[Result "0-1"]
[WhiteElo "1527"]
[BlackElo "1872"]
[Annotator "Gabriele Ballarin"]
[PlyCount "136"]
[EventDate "2012.01.21"]
[EventType "swiss"]
[EventRounds "5"]
[EventCountry "ITA"]

1. e4 Nc6 2. d4 e5 3. Nf3 exd4 4. Nxd4 Bc5 5. Be3 Qf6 6. c3 a6 7. Bc4 Nge7 8. O-O O-O 9. Qd3 Ne5 10. Qe2 Nxc4 11. Qxc4 d6 12. Nd2 Bd7 13. N2f3 Qg6 14. Kh1 Qxe4 15. Rfe1 Qg6 16. Bg5 Nc6 17. Bf4 Rfe8 18. Rad1 Re4 19. Be3 Rae8 20. Qf1 Nxd4 21. Nxd4 Qh5 22. a3 Rh4 23. Qg1 Rhe4 24. Qf1 Ba4 25. Rc1 Qg6 26. Qd3 Qh5 27. Qf1 Bxd4 28. Bxd4 Qg5 29. Be3 Qe7 30. Qd3 Bc6 31. Rcd1 Qh4 32. Qf1 R4e6 33. Qg1 Rg6 34. f3 Rf6 35. Bf2 Rxe1 36. Bxh4 Rxg1+ 37. Kxg1 Re6 38. Re1 Rxe1+ 39. Bxe1 Kf8 40. Bg3 Ke7 41. Kf2 Ke6 42. Ke3 Kd5 43. Kd3 Bb5+ 44. Kc2 Bf1 45. f4 Ke4 46. Kd2 Bxg2 47. Ke2 h6 48. Kd2 Bh3 49. Ke2 g5 50. fxg5 hxg5 51. Kf2 Kd3 52. Kf3 Kc2 53. Ke4 Kxb2 54. Kd4 Kxa3 55. Kd5 Kb3 56. Kd4 a5 57. c4 a4 58. Be1 a3 59. Bc3 Kc2 60. Ba1 Kb1 61. Bc3 a2 62. Kd3 a1=Q 63. Bxa1 Kxa1 64. Kd4 Kb2 65. Kd5 Kc3 66. c5 dxc5 67. Kxc5 Kd3 68. Kd5 f5 0-1

[Event "72. C.to Provinciale CA-CI"]
[Site "Cagliari ITA"]
[Date "2012.01.22"]
[Round "2"]
[White "Altea, Giovanni"]
[Black "Loi, Francesco"]
[Result "1-0"]
[WhiteElo "1872"]
[BlackElo "1750"]
[Annotator "Gabriele Ballarin"]
[PlyCount "153"]
[EventDate "2012.01.21"]
[EventType "swiss"]
[EventRounds "5"]
[EventCountry "ITA"]

1. e4 e5 2. Nf3 d6 3. d3 Be7 4. g3 b6 5. Bg2 Nf6 6. O-O O-O 7. Nbd2 Bb7 8. h4 c6 9. Nc4 b5 10. Ne3 Re8 11. Nf5 Bf8 12. Nh2 Qd7 13. Bg5 Qd8 14. Ng4 Nbd7 15. Qf3 Re6 16. Bh3 Bc8 17. Nfe3 Kh8 18. Nxf6 Rxf6 19. Bxf6 Nxf6 20. Bxc8 Rxc8 21. Kg2 g6 22. Ng4 Be7 23. Nxf6 Bxf6 24. h5 g5 25. Qf5 h6 26. Rfe1 Rc7 27. Rad1 Qe7 28. c3 c5 29. Re3 Kg7 30. Kh1 Rb7 31. f4 b4 32. fxg5 Bxg5 33. Re2 f6 34. d4 Qf7 35. Qg6+ Qxg6 36. hxg6 Kxg6 37. dxe5 dxe5 38. Rd5 c4 39. Rc5 bxc3 40. bxc3 Rd7 41. Rxc4 Rd3 42. Kg2 Kh5 43. Kh3 Bf4 44. Rg2 Kg6 45. Kh2 Bd2 46. Ra4 Bxc3 47. Rxa7 Bd4 48. Ra8 Re3 49. a4 Rxe4 50. a5 Bc5 51. Ra2 Kf5 52. a6 Rd4 53. Rc8 Ba7 54. Rc7 Bb6 55. Rb7 Bc5 56. a7 Bxa7 57. Rbxa7 e4 58. Kh3 e3 59. Re7 Re4 60. Ra5+ Re5 61. Rexe5+ fxe5 62. Kg2 Ke4 63. Ra3 h5 64. Rb3 Kd4 65. Kf3 e4+ 66. Ke2 Ke5 67. Kxe3 Kf5 68. Rb8 Kg4 69. Rg8+ Kf5 70. Rg7 Kf6 71. Rh7 Kg6 72. Re7 Kg5 73. Rxe4 Kf5 74. Kf3 Kg5 75. Re5+ Kg6 76. Kf4 h4 77. gxh4 1-0

[Event "72. C.to Provinciale CA-CI"]
[Site "Cagliari ITA"]
[Date "2012.01.22"]
[Round "2"]
[White "Neri, Enzo"]
[Black "Boi, Fausto"]
[Result "1-0"]
[WhiteElo "2064"]
[BlackElo "1782"]
[Annotator "Gabriele Ballarin"]
[PlyCount "85"]
[EventDate "2012.01.21"]
[EventType "swiss"]
[EventRounds "5"]
[EventCountry "ITA"]

1. e4 d6 2. d4 b6 3. c4 g6 4. Nc3 Bg7 5. Be3 Bb7 6. f4 Nd7 7. Nf3 c5 8. d5 Qc7 9. Nb5 Qb8 10. Qc2 a6 11. Nc3 Qc7 12. Be2 Ngf6 13. Rb1 Ng4 14. Bg1 Nh6 15. h3 f5 16. Bd3 fxe4 17. Nxe4 Nf8 18. Neg5 O-O-O 19. Bf2 Re8 20. O-O e5 21. Rfe1 Nf7 22. Nxf7 Qxf7 23. fxe5 dxe5 24. b4 Qc7 25. bxc5 bxc5 26. Qa4 Rd8 27. Qa3 Nd7 28. Ng5 Rde8 29. Ne6 Rxe6 30. dxe6 Nf6 31. Qxc5 Qxc5 32. Bxc5 Rd8 33. Bf1 e4 34. Rb6 Kc7 35. e7 Re8 36. Reb1 Bc6 37. Rxa6 Nd7 38. Be3 Rxe7 39. Ra7+ Kc8 40. c5 h6 41. Bb5 Bxb5 42. Rxb5 Kd8 43. c6 1-0

[Event "72. C.to Provinciale CA-CI"]
[Site "Cagliari ITA"]
[Date "2012.01.22"]
[Round "2"]
[White "Toniolo, Massimo"]
[Black "Mallo', Danilo"]
[Result "1-0"]
[WhiteElo "1763"]
[BlackElo "1926"]
[Annotator "Gabriele Ballarin"]
[PlyCount "155"]
[EventDate "2012.01.21"]
[EventType "swiss"]
[EventRounds "5"]
[EventCountry "ITA"]

1. e4 c6 2. d4 d5 3. Nc3 dxe4 4. Nxe4 Bf5 5. Ng3 Bg6 6. Nf3 h6 7. Bd3 Bxd3 8. Qxd3 Nf6 9. Bd2 Nbd7 10. O-O e6 11. c4 Qc7 12. Rfe1 O-O-O 13. b4 Bd6 14. a4 g5 15. Re2 g4 16. Ne1 h5 17. c5 Bf4 18. Bxf4 Qxf4 19. Ne4 Nxe4 20. Qxe4 Qg5 21. Qe3 Qg7 22. b5 Nxc5 23. bxc6 Qxd4 24. cxb7+ Kxb7 25. Rb1+ Kc6 26. Qc1 Rb8 27. Reb2 Rxb2 28. Rxb2 Rd8 29. Rc2 Rd5 30. Rc4 Qe5 31. Nc2 Kd6 32. Na3 a6 33. Nc2 Nb3 34. Qb1 Ke7 35. Ne3 Nd4 36. Nxd5+ exd5 37. Rc5 Nb3 38. Rc2 Na5 39. Kf1 Kd7 40. Qe1 Qxe1+ 41. Kxe1 Nc4 42. Ke2 Kd6 43. f3 f5 44. fxg4 fxg4 45. Kf2 h4 46. h3 g3+ 47. Kf3 Ke5 48. Re2+ Kf5 49. Re8 Nd6 50. Ra8 d4 51. Rxa6 Nf7 52. Ra5+ Ne5+ 53. Ke2 Ke4 54. Rxe5+ Kxe5 55. Kd3 Kd5 56. a5 Kc5 57. a6 Kb6 58. Kxd4 Kxa6 59. Ke4 Kb6 60. Kf4 Kc6 61. Kg4 Kd5 62. Kxh4 Ke5 63. Kxg3 Kf5 64. Kf3 Kg5 65. g3 Kf5 66. h4 Kg6 67. g4 Kf6 68. Kf4 Kg6 69. h5+ Kf6 70. g5+ Kg7 71. Ke5 Kf7 72. Kf5 Kg7 73. h6+ Kf7 74. g6+ Kg8 75. Kf6 Kh8 76. g7+ Kg8 77. h7+ Kxh7 78. Kf7 1-0

[Event "72. C.to Provinciale CA-CI"]
[Site "Cagliari ITA"]
[Date "2012.01.12"]
[Round "3"]
[White "Altea, Alessandro"]
[Black "Toniolo, Massimo"]
[Result "1/2-1/2"]
[WhiteElo "1833"]
[BlackElo "1763"]
[Annotator "Gabriele Ballarin"]
[PlyCount "113"]
[EventDate "2012.01.21"]
[EventType "swiss"]
[EventRounds "5"]
[EventCountry "ITA"]

1. e4 c5 2. Nc3 e6 3. f4 Qc7 4. d3 a6 5. Nf3 Nc6 6. Be2 d6 7. O-O Nf6 8. a3 Be7 9. Qe1 O-O 10. Kh1 b5 11. Nd1 Bb7 12. Qg3 Rfe8 13. Nf2 Nd4 14. Nxd4 cxd4 15. Bd1 Rac8 16. Ng4 Kh8 17. Bd2 Nxg4 18. Qxg4 Bf8 19. Rf3 f5 20. Qh4 Be7 21. Qe1 fxe4 22. dxe4 Bf6 23. Rh3 d3 24. c3 Qc6 25. Bf3 e5 26. Qb1 Rc7 27. Qxd3 Bc8 28. f5 g6 29. Bg4 Rd8 30. Qe2 Qc4 31. Qxc4 Rxc4 32. Re1 d5 33. b3 Rxe4 34. Bd1 Bxf5 35. Rf3 Rxe1+ 36. Bxe1 Rd6 37. Kg1 Bg7 38. Bg3 Rc6 39. Be1 e4 40. Rg3 Be5 41. Re3 d4 42. Re2 d3 43. Re3 Bxc3 44. Bxc3+ Rxc3 45. Kf2 h5 46. h3 Rc1 47. Re1 g5 48. Bxh5 Rxe1 49. Kxe1 Kg7 50. Kd2 Kf6 51. Ke3 Ke5 52. Bd1 Kd5 53. Bh5 a5 54. Bf7+ Be6 55. Bg6 Kc5 56. Bxe4 Bxb3 57. Bxd3 1/2-1/2

[Event "72. C.to Provinciale CA-CI"]
[Site "Cagliari ITA"]
[Date "2012.01.22"]
[Round "3"]
[White "Lobina, Paolo"]
[Black "Altea, Giovanni"]
[Result "1/2-1/2"]
[WhiteElo "1833"]
[BlackElo "1872"]
[Annotator "Gabriele Ballarin"]
[PlyCount "57"]
[EventDate "2012.01.21"]
[EventType "swiss"]
[EventRounds "5"]
[EventCountry "ITA"]

1. d4 d5 2. e3 Bf5 3. f4 Nf6 4. Nf3 e6 5. Be2 Bd6 6. O-O O-O 7. h3 h6 8. Nbd2 Nbd7 9. Qe1 Bxc2 10. g4 Ne4 11. Nxe4 Bxe4 12. Ne5 Be7 13. Nxd7 Qxd7 14. h4 g5 15. hxg5 hxg5 16. Qg3 Kg7 17. Bd2 Rh8 18. Bf3 Bxf3 19. Qxf3 Rh6 20. e4 dxe4 21. Qxe4 Qd6 22. Bc3 Qd5 23. Rae1 Bf6 24. fxg5 Qxg5 25. Rxf6 Kxf6 26. d5+ Ke7 27. Qb4+ Ke8 28. Bd2 Qh4 29. Bxh6 1/2-1/2

[Event "72. C.to Provinciale CA-CI"]
[Site "Cagliari ITA"]
[Date "2012.01.22"]
[Round "3"]
[White "Putzolu, Marcello"]
[Black "Neri, Enzo"]
[Result "0-1"]
[WhiteElo "1810"]
[BlackElo "2064"]
[Annotator "Gabriele Ballarin"]
[PlyCount "94"]
[EventDate "2012.01.21"]
[EventType "swiss"]
[EventRounds "5"]
[EventCountry "ITA"]

1. d4 d5 2. c4 c6 3. e3 Nf6 4. Nc3 Bf5 5. Nf3 e6 6. a3 Nbd7 7. cxd5 exd5 8. Bd3 Ne4 9. Qc2 Qe7 10. Nd2 Ndf6 11. Ncxe4 dxe4 12. Be2 Nd5 13. h4 h5 14. Nf1 a5 15. Ng3 Bg6 16. Bd2 a4 17. Qd1 Nf6 18. Bb4 Qd7 19. Bxf8 Kxf8 20. Rc1 Ra5 21. Rc4 Kg8 22. Rxa4 Rxa4 23. Qxa4 Kh7 24. Qa5 b5 25. Qb4 Nd5 26. Qc5 Kh6 27. O-O Re8 28. Rc1 Re6 29. Nf1 Qd8 30. g3 Qb8 31. Nh2 f5 32. Bd1 Nxe3 33. Bb3 Nc4 34. Bxc4 bxc4 35. Qb4 Qxb4 36. axb4 e3 37. fxe3 Rxe3 38. Kf2 Rb3 39. Rxc4 Rxb2+ 40. Kg1 f4 41. gxf4 Be4 42. Rc5 Rg2+ 43. Kf1 Rxh2 44. b5 cxb5 45. Ke1 Rxh4 46. Rxb5 Rxf4 47. d5 Rf6 0-1

[Event "72. C.to Provinciale CA-CI"]
[Site "Cagliari ITA"]
[Date "2012.01.21"]
[Round "4"]
[White "Toniolo, Massimo"]
[Black "Costa, Gabriele"]
[Result "1-0"]
[WhiteElo "1763"]
[BlackElo "1500"]
[Annotator "Gabriele Ballarin"]
[PlyCount "86"]
[EventDate "2012.01.21"]
[EventType "swiss"]
[EventRounds "5"]
[EventCountry "ITA"]

1. e4 Nc6 2. d4 d5 3. Bb5 a6 4. Bxc6+ bxc6 5. Nc3 a5 6. Nf3 Ba6 7. Be3 Rb8 8. b3 e6 9. Ne5 Bb4 10. Bd2 Qd6 11. Qf3 Nf6 12. Ng4 Nxg4 13. Qxg4 Rg8 14. Nb1 Ke7 15. c3 dxe4 16. cxb4 Qxd4 17. Nc3 axb4 18. Qxe4 Qf6 19. Qxc6 Rgd8 20. Qxa6 Rxd2 21. Kxd2 Rd8+ 22. Ke2 Qe5+ 23. Kf1 Qxc3 24. Re1 Qc2 25. Qc4 Qxa2 26. Qxc7+ Rd7 27. Qc5+ Kf6 28. Qxb4 Rd2 29. Qf4+ Ke7 30. g3 Rb2 31. b4 Qa6+ 32. Kg2 Qb7+ 33. Qf3 Qxb4 34. Re4 Qc5 35. Ra1 f5 36. Rea4 Kf6 37. Ra5 Rb5 38. Rxb5 Qxb5 39. Qc3+ Kg6 40. Ra7 Qd5+ 41. Kh3 e5 42. Ra5 Qe6 43. Qxe5 f4+ 1-0

[Event "72. C.to Provinciale CA-CI"]
[Site "Cagliari ITA"]
[Date "2012.01.28"]
[Round "4"]
[White "Altea, Giovanni"]
[Black "Mallo', Danilo"]
[Result "0-1"]
[WhiteElo "1872"]
[BlackElo "1926"]
[Annotator "Gabriele Ballarin"]
[PlyCount "58"]
[EventDate "2012.01.21"]
[EventType "swiss"]
[EventRounds "5"]
[EventCountry "ITA"]

1. c4 c6 2. Nf3 Nf6 3. Nc3 e6 4. e3 d5 5. Be2 Be7 6. O-O O-O 7. Rb1 c5 8. d4 b6 9. a3 Nc6 10. Ne5 Bb7 11. f4 cxd4 12. Nxc6 Bxc6 13. exd4 dxc4 14. Bxc4 Qc8 15. Qe2 Re8 16. Bd3 Qb7 17. Be3 Nd5 18. Nxd5 Bxd5 19. Rbc1 a6 20. Rc3 b5 21. Rfc1 Bd6 22. b4 Rac8 23. Bxh7+ Kxh7 24. Qc2+ Be4 25. Rxc8 Bxc2 26. Rxe8 Qe4 27. Kf2 Bxf4 28. Re1 Bb3 29. g3 Bd5 0-1

[Event "72. C.to Provinciale CA-CI"]
[Site "Cagliari ITA"]
[Date "2012.01.28"]
[Round "4"]
[White "Neri, Enzo"]
[Black "Lobina, Paolo"]
[Result "1-0"]
[WhiteElo "2064"]
[BlackElo "1833"]
[Annotator "Gabriele Ballarin"]
[PlyCount "57"]
[EventDate "2012.01.21"]
[EventType "swiss"]
[EventRounds "5"]
[EventCountry "ITA"]

1. Nf3 d5 2. d4 e6 3. c4 c6 4. Nc3 dxc4 5. a4 Bb4 6. Bd2 Nf6 7. e3 Bxc3 8. Bxc3 b5 9. axb5 cxb5 10. b3 Nd5 11. Ba5 Qd6 12. bxc4 bxc4 13. Bxc4 O-O 14. O-O Nc6 15. Bd2 a5 16. Ng5 Ba6 17. Bxa6 Rxa6 18. Ne4 Qe7 19. Nc5 Ra7 20. Qa4 Rc8 21. Nb3 Ndb4 22. Rfc1 Qb7 23. Rc5 Rca8 24. e4 Qb6 25. Rac1 Ne7 26. Rb5 Qa6 27. Rxa5 Qxa5 28. Nxa5 Nbc6 29. Rxc6 1-0

[Event "72. C.to Provinciale CA-CI"]
[Site "Cagliari ITA"]
[Date "2012.01.28"]
[Round "5"]
[White "Altea, Alessandro"]
[Black "Loi, Francesco"]
[Result "1-0"]
[WhiteElo "1833"]
[BlackElo "1750"]
[Annotator "Gabriele Ballarin"]
[PlyCount "57"]
[EventDate "2012.01.21"]
[EventType "swiss"]
[EventRounds "5"]
[EventCountry "ITA"]

1. e4 c6 2. d4 d5 3. exd5 cxd5 4. Nf3 Nf6 5. Bd3 g6 6. O-O Bg7 7. c3 O-O 8. Ne5 Nbd7 9. f4 e6 10. Nd2 Qb6 11. Kh1 Nxe5 12. fxe5 Nd7 13. Nf3 Qd8 14. Bg5 f6 15. exf6 Bxf6 16. Bxf6 Nxf6 17. Qe1 Qe7 18. Qh4 Qg7 19. Rae1 Nh5 20. Ng5 Rxf1+ 21. Rxf1 Bd7 22. Rf7 Qh6 23. Rxh7 Qf8 24. Rxd7 Qf6 25. Rf7 Qh8 26. Bxg6 Rf8 27. Qxh5 Rxf7 28. Bxf7+ Kg7 29. Nxe6+ 1-0

[Event "72. C.to Provinciale CA-CI"]
[Site "Cagliari ITA"]
[Date "2012.01.28"]
[Round "5"]
[White "Mallo', Danilo"]
[Black "Putzolu, Marcello"]
[Result "0-1"]
[WhiteElo "1926"]
[BlackElo "1810"]
[Annotator "Gabriele Ballarin"]
[PlyCount "70"]
[EventDate "2012.01.21"]
[EventType "swiss"]
[EventRounds "5"]
[EventCountry "ITA"]

1. d4 Nf6 2. c4 e6 3. Nc3 d5 4. Nf3 Be7 5. e3 O-O 6. Bd3 c5 7. O-O Nc6 8. cxd5 exd5 9. dxc5 Bxc5 10. Na4 Bd6 11. b3 Ne5 12. Nxe5 Bxe5 13. Bb2 Bxb2 14. Nxb2 Be6 15. Rc1 Rc8 16. Qf3 Qe7 17. Bb1 Qa3 18. Nd3 Bg4 19. Qf4 Be2 20. Rc7 Rxc7 21. Qxc7 Bxf1 22. Kxf1 Qa6 23. Ke1 b6 24. f3 Rc8 25. Qe7 Re8 26. Qc7 Rxe3+ 27. Kd2 Re8 28. Ne5 Rf8 29. Nc6 Qf1 30. Bd3 Qxg2+ 31. Be2 Qg5+ 32. Kc3 d4+ 33. Kxd4 Qc5+ 34. Kd3 Nd5 35. Kd2 Qc3+ 0-1

[Event "72. C.to Provinciale CA-CI"]
[Site "Cagliari ITA"]
[Date "2012.01.28"]
[Round "5"]
[White "Toniolo, Massimo"]
[Black "Neri, Enzo"]
[Result "0-1"]
[WhiteElo "1763"]
[BlackElo "2064"]
[Annotator "Gabriele Ballarin"]
[PlyCount "63"]
[EventDate "2012.01.21"]
[EventType "swiss"]
[EventRounds "5"]
[EventCountry "ITA"]

1. e4 c5 2. Nf3 a6 3. d4 cxd4 4. Nxd4 Nf6 5. Nc3 e5 6. Nb3 Bb4 7. Qf3 d5 8. exd5 Nxd5 9. Bd2 Be6 10. O-O-O Nxc3 11. Bxc3 Qg5+ 12. Kb1 Qg4 13. Qd3 Nc6 14. f3 Qg5 15. h4 Qe7 16. Be2 Rd8 17. Qe3 Rxd1+ 18. Rxd1 Qxh4 19. Bxe5 Nxe5 20. Qxe5 O-O 21. Rd4 Qe1+ 22. Rd1 Qf2 23. Nd4 Bd7 24. Qd5 Bc8 25. c3 Be7 26. g4 Bf6 27. Bc4 Bxd4 28. Qxd4 Qxf3 29. Rf1 Qxg4 30. Rxf7 Qxd4 31. Rf4+ Qxc4 32. Rxc4 0-1

[Event "72. C.to Provinciale PC"]
[Site "Piacenza ITA"]
[Date "2012.04.13"]
[Round "1"]
[White "Bonadè, Massimo"]
[Black "Carbone, Lorenzo"]
[Result "1-0"]
[WhiteElo "2064"]
[BlackElo "1706"]
[Annotator "Gabriele Ballarin"]
[PlyCount "73"]
[EventDate "2012.04.13"]
[EventType "tourn"]
[EventRounds "5"]
[EventCountry "ITA"]

1. d4 d5 2. c4 e6 3. Nc3 Nf6 4. cxd5 exd5 5. Bg5 Be7 6. e3 O-O 7. Qc2 h6 8. Bh4 c6 9. Bd3 b6 10. Nge2 Ba6 11. O-O Bxd3 12. Qxd3 Nbd7 13. f3 c5 14. dxc5 Nxc5 15. Qf5 g6 16. Qc2 Ne6 17. Rfd1 g5 18. Bf2 Bc5 19. Qd3 a6 20. Nxd5 Re8 21. e4 Bxf2+ 22. Kxf2 Nc5 23. Qd4 Nxd5 24. Qxd5 Qf6 25. Nc3 Rad8 26. Qc4 Rc8 27. Qd4 Qe6 28. Nd5 Rc6 29. Kg1 a5 30. Ne3 Qg6 31. Nf5 Rce6 32. Qc3 h5 33. Kh1 g4 34. b3 Kh7 35. Rd5 gxf3 36. gxf3 Rg8 37. Ng3 1-0

[Event "72. C.to Provinciale PC"]
[Site "Piacenza ITA"]
[Date "2012.04.13"]
[Round "1"]
[White "Guzzetti, Luigi Enrico"]
[Black "Lapico, Barbara"]
[Result "1-0"]
[WhiteElo "1943"]
[BlackElo "1392"]
[Annotator "Gabriele Ballarin"]
[PlyCount "32"]
[EventDate "2012.04.13"]
[EventType "tourn"]
[EventRounds "5"]
[EventCountry "ITA"]

1. e4 e5 2. Nf3 Nc6 3. Bb5 a6 4. Ba4 b5 5. Bb3 Nf6 6. O-O Be7 7. Re1 O-O 8. c3 d6 9. h3 Na5 10. Bc2 c5 11. d4 Qc7 12. Nbd2 Rd8 13. Nf1 cxd4 14. cxd4 Bb7 15. Bg5 Nc4 16. b3 Na3 1-0

[Event "72. C.to Provinciale PC"]
[Site "Piacenza ITA"]
[Date "2012.04.14"]
[Round "2"]
[White "Carbone, Lorenzo"]
[Black "Lapico, Barbara"]
[Result "1-0"]
[WhiteElo "1706"]
[BlackElo "1392"]
[Annotator "Gabriele Ballarin"]
[PlyCount "67"]
[EventDate "2012.04.13"]
[EventType "tourn"]
[EventRounds "5"]
[EventCountry "ITA"]

1. e4 e5 2. Nf3 Nc6 3. Bb5 a6 4. Ba4 b5 5. Bb3 Nf6 6. O-O Be7 7. Re1 O-O 8. c3 d6 9. h3 Na5 10. Bc2 c5 11. d4 Qc7 12. d5 h6 13. Nbd2 Bd7 14. Nf1 Rfc8 15. Ng3 Bf8 16. Nh4 b4 17. Qf3 Nc4 18. Bd3 Nb6 19. c4 a5 20. Bxh6 Qd8 21. Bg5 Be7 22. Nhf5 Bxf5 23. Nxf5 Nbd7 24. Nxe7+ Qxe7 25. Be2 g6 26. Bd1 a4 27. Qg3 Kg7 28. Bg4 Rh8 29. Bxd7 Qxd7 30. Bxf6+ Kxf6 31. Re3 Ke7 32. Qg5+ Kf8 33. Rf3 Qe8 34. Qxg6 1-0

[Event "72. C.to Provinciale PC"]
[Site "Piacenza ITA"]
[Date "2012.04.14"]
[Round "2"]
[White "Ferretti, Alessandro"]
[Black "Guzzetti, Luigi Enrico"]
[Result "1-0"]
[WhiteElo "2012"]
[BlackElo "1943"]
[Annotator "Gabriele Ballarin"]
[PlyCount "105"]
[EventDate "2012.04.13"]
[EventType "tourn"]
[EventRounds "5"]
[EventCountry "ITA"]

1. e4 c5 2. Nf3 e6 3. d4 cxd4 4. Nxd4 a6 5. Nc3 Qc7 6. Be3 Nf6 7. Bd3 Nc6 8. Nb3 Be7 9. f4 d6 10. Qf3 O-O 11. a4 b6 12. O-O-O Bb7 13. g4 Nb4 14. g5 Nd7 15. Kb1 d5 16. exd5 g6 17. Be4 exd5 18. Bxd5 Bxd5 19. Rxd5 Nxd5 20. Nxd5 Qd8 21. Rd1 Bd6 22. Qh3 Re8 23. Bxb6 Qb8 24. Qxd7 Be7 25. Bd4 Qd8 26. Qxd8 Bxd8 27. Bf6 Kf8 28. Nd4 Re4 29. Rd3 Bxf6 30. Nxf6 Rxf4 31. Nxh7+ Kg7 32. Nf6 Rh8 33. Rd2 Rc8 34. c3 Rc5 35. Rg2 Rc4 36. Nd5 Rf1+ 37. Kc2 Rxa4 38. h4 Ra5 39. Ne3 Rf4 40. Rh2 Re5 41. Kd3 Re8 42. h5 gxh5 43. Rxh5 a5 44. g6 fxg6 45. Rxa5 Kh6 46. Ra6 Kh5 47. Nd5 g5 48. Nxf4+ gxf4 49. Re6 Rf8 50. Ke4 Kg4 51. Rg6+ Kh5 52. Rg7 Rf6 53. Kf3 1-0

[Event "72. C.to Provinciale PC"]
[Site "Piacenza ITA"]
[Date "2012.04.14"]
[Round "3"]
[White "Guzzetti, Luigi Enrico"]
[Black "Bonadè, Massimo"]
[Result "0-1"]
[WhiteElo "1943"]
[BlackElo "2064"]
[Annotator "Gabriele Ballarin"]
[PlyCount "158"]
[EventDate "2012.04.13"]
[EventType "tourn"]
[EventRounds "5"]
[EventCountry "ITA"]

1. e4 b6 2. d4 Bb7 3. Bd3 Nf6 4. Qe2 Nc6 5. c3 e5 6. d5 Ne7 7. Bg5 Ng6 8. Nd2 h6 9. Be3 c6 10. c4 Rc8 11. h3 Bc5 12. Bxc5 Nf4 13. Qf3 bxc5 14. Ne2 Nxe2 15. Qxe2 O-O 16. O-O Qe7 17. Rad1 Rce8 18. Qe3 Nh5 19. g3 d6 20. Be2 Nf6 21. Nb3 cxd5 22. cxd5 Nh7 23. Na5 f5 24. exf5 Rxf5 25. Bg4 Rff8 26. Be6+ Kh8 27. h4 Ba6 28. Rfe1 Qc7 29. Nb3 Rb8 30. Qc3 Nf6 31. Na5 Qb6 32. b3 Rbe8 33. Bh3 Bc8 34. Nc4 Qc7 35. Bxc8 Rxc8 36. Kg2 Rcd8 37. Re2 Qf7 38. Qd2 Ng4 39. Ne3 Qf3+ 40. Kg1 Nf6 41. Nc4 Ne4 42. Qe1 Nc3 43. Red2 Nxd1 44. Rxd1 Rf7 45. Qd2 Rf6 46. Rf1 Rg8 47. Re1 g5 48. Re3 Qg4 49. hxg5 Rxg5 50. Qe2 Qxe2 51. Rxe2 Rg4 52. Kg2 Rd4 53. Ne3 Kg8 54. f3 a5 55. g4 Kf8 56. Kg3 a4 57. bxa4 Rxa4 58. Nf5 Ra3 59. Rb2 e4 60. Rb8+ Kf7 61. Rb7+ Ke8 62. Re7+ Kf8 63. Rxe4 Rxa2 64. f4 Ra3+ 65. Kh4 Rd3 66. Ne3 Rd4 67. Re6 Rxe6 68. dxe6 Rxf4 69. Nd5 Rf1 70. Kh5 Kg7 71. Kh4 c4 72. Ne3 c3 73. Kg3 Re1 74. Nf5+ Kf6 75. Nd4 Rxe6 76. Kf3 Re5 77. Nc2 d5 78. Kf2 Kg5 79. Kf3 Re4 0-1

[Event "72. C.to Provinciale PC"]
[Site "Piacenza ITA"]
[Date "2012.04.14"]
[Round "3"]
[White "Lapico, Barbara"]
[Black "Ferretti, Alessandro"]
[Result "0-1"]
[WhiteElo "1392"]
[BlackElo "2012"]
[Annotator "Gabriele Ballarin"]
[PlyCount "48"]
[EventDate "2012.04.13"]
[EventType "tourn"]
[EventRounds "5"]
[EventCountry "ITA"]

1. e4 c5 2. Nf3 Nc6 3. Be2 Nf6 4. Nc3 d5 5. exd5 Nxd5 6. O-O e5 7. d3 Be7 8. Nxd5 Qxd5 9. c3 O-O 10. Qc2 f5 11. Bd2 Kh8 12. b3 Be6 13. Rfd1 Bf6 14. Bg5 Qd8 15. Bxf6 Qxf6 16. Re1 Rad8 17. h3 Ne7 18. Bf1 Nc6 19. Qb1 Bd5 20. Nd2 Rfe8 21. c4 Bf7 22. Qb2 Nd4 23. Be2 e4 24. dxe4 Nxe2+ 0-1

[Event "72. C.to Provinciale PC"]
[Site "Piacenza ITA"]
[Date "2012.04.15"]
[Round "4"]
[White "Bonadè, Massimo"]
[Black "Lapico, Barbara"]
[Result "1-0"]
[WhiteElo "2064"]
[BlackElo "1392"]
[Annotator "Gabriele Ballarin"]
[PlyCount "63"]
[EventDate "2012.04.13"]
[EventType "tourn"]
[EventRounds "5"]
[EventCountry "ITA"]

1. d4 d5 2. c4 e6 3. Nc3 c6 4. Nf3 Nf6 5. Bg5 Be7 6. e3 O-O 7. Qc2 Nbd7 8. cxd5 cxd5 9. Bd3 a6 10. O-O b6 11. Ne5 Nxe5 12. dxe5 Ne4 13. Bxe7 Qxe7 14. Nxe4 dxe4 15. Bxe4 Bb7 16. Bxh7+ Kh8 17. Be4 Rac8 18. Qb1 Rfd8 19. Bxb7 Qxb7 20. Rd1 Kg8 21. Rxd8+ Rxd8 22. Qc2 Qd5 23. f4 g5 24. Qf2 gxf4 25. exf4 b5 26. b3 Kf8 27. Re1 Qd4 28. h4 Qxf2+ 29. Kxf2 Rd2+ 30. Re2 Rd5 31. Ke3 Kg7 32. g4 1-0